LEADER 01620nam a2200337 a 4500 001 000000121803 003 CaOOAMICUS 005 20100518110031.0 008 100518t2010 it u000 u ita r 020 $a978-88-89736-80-7 040 $aPUL$bita$dReb 041 1 $aita$hfre 082 04$a142 100 1 $aMarion, Jean-Luc,$d1946-$0(OLS)http://pul/name/49406 240 10$aRéduction et donation : recherches sur Husserl, Heidegger et la phénoménologie$lItaliano.$0(OLS)http://pul/title/153252 245 10$aRiduzione e donazione :$bricerche su Husserl, Heidegger e la fenomenologia /$cJean-Luc Marion. 260 $aVenezia :$bMarcianum Press,$c©2010. 300 $a305 p. ;$c24 cm 490 1 $aStudi filosofici ;$v01 504 $aInclude riferimenti bibliografici ed indice. 600 14$aHusserl, Edmund,$d1859-1938$xFenomenologia.$0(OLS)http://pul/subject/36866 600 14$aHeidegger, Martin,$d1889-1976$xFenomenologia.$0(OLS)http://pul/subject/36867 650 4$aFenomenologia.$0(OLS)http://pul/subject/1230 830 0$aStudi filosofici (Marcianum Press) ;$v01.$0(OLS)http://pul/title/153251 850 $aPUL 852 $aPUL$W1$xSL Filosofia 3$y81$m142 MARJE 1$j139792$qDDC 21$B138985$CPULBib$Z2$F138985 $H113697 $82 941 1 $a9 996 $6020$a978-88-89736-80-7$9(OLS)http://pul/number/144263 996 $6082$a142$9(OLS)http://pul/classification/555 996 $6245$aRiduzione e donazione :$bricerche su Husserl, Heidegger e la fenomenologia$9(OLS)http://pul/title/153250 996 $6260$aVenezia :$bMarcianum Press$9(OLS)http://pul/publisher/79046 LEADER 01410nam a2200325 a 4500 001 000000123626 003 CaOOAMICUS 005 20101103093319.0 008 101103m20099999gw u000 u ger r 020 $a978-3-86838-029-3 (v. 1) 040 $aPUL$bita 082 04$a142 245 00$aAnthologie der realistischen Phänomenologie /$cJosef Seifert, Cheikh Mbacké Gueye (Hrsg.) 260 $aHeusenstamm :$bOntos,$c2009- 300 $av. <1> ;$c22 cm. 490 1 $aRealist phenomenology ;$vBd. 2 504 $aInclude riferimenti bibliografici. 650 4$aFenomenologia$xCritica e interpretazione.$0(OLS)http://pul/subject/17511 650 4$aRealismo (Filosofia).$0(OLS)http://pul/subject/37306 700 1 $aSeifert, Josef,$d1945-$0(OLS)http://pul/name/1243 700 1 $aGueye, Cheikh Mbacké.$0(OLS)http://pul/name/77905 830 0$aRealist phenomenology ;$vBd. 2.$0(OLS)http://pul/title/155816 850 $aPUL 852 $aPUL$W1$xSL Filosofia 3$y81$m142 SEIJO 1$j142324$av. 1$qDDC 21$B141298$CPULBib$Z2$F141298 $H115002 $82 941 1 $a9 996 $6020$a978-3-86838-029-3 (v. 1)$9(OLS)http://pul/number/145814 996 $6082$a142$9(OLS)http://pul/classification/555 996 $6245$aAnthologie der realistischen Phänomenologie$9(OLS)http://pul/title/155815 996 $6260$aHeusenstamm :$bOntos$9(OLS)http://pul/publisher/81459